AH International Schools' Libraries

The last comics on earth: (Record no. 48742)

MARC details
000 -LEADER
fixed length control field 00655nam a2200181 4500
020 ## - INTERNATIONAL STANDARD BOOK NUMBER
International Standard Book Number 9780593526774
100 ## - MAIN ENTRY--PERSONAL NAME
Personal name Brallier's Max.
9 (RLIN) 86186
245 ## - TITLE STATEMENT
Title The last comics on earth:
Statement of responsibility, etc Max Brallier and Joshua Pruett.
260 ## - PUBLICATION, DISTRIBUTION, ETC. (IMPRINT)
Place of publication, distribution, etc New York:
Name of publisher, distributor, etc Viking:
Date of publication, distribution, etc 2023.
300 ## - PHYSICAL DESCRIPTION
Extent 220 p.
Other physical details col. ill.
Dimensions 21 cm.
490 ## - SERIES STATEMENT
Series statement The last comics on earth; Bk. 1.
650 ## - SUBJECT ADDED ENTRY--TOPICAL TERM
Topical term or geographic name as entry element Graphics and comics. Friendship. Humorous stories.
Form subdivision comic strips.
9 (RLIN) 86187
655 ## - INDEX TERM--GENRE/FORM
Genre/form data or focus term Graphics and comics.
9 (RLIN) 84335
700 ## - ADDED ENTRY--PERSONAL NAME
Relator code author.
Personal name Joshua Pruett.
9 (RLIN) 86188
700 ## - ADDED ENTRY--PERSONAL NAME
Relator code illustrator.
Personal name Jay Cooper.
9 (RLIN) 86189
700 ## - ADDED ENTRY--PERSONAL NAME
Relator code illustrator.
Personal name Douglas Holgate.
9 (RLIN) 86190
942 ## - ADDED ENTRY ELEMENTS (KOHA)
Source of classification or shelving scheme
Koha item type Books/GRAPHICS
Holdings
Withdrawn status Lost status Source of classification or shelving scheme Damaged status Not for loan Collection code Home library Current library Date acquired Total Checkouts Full call number Barcode Date last seen Date checked out Price effective from Koha item type
          SECONDARY Asian Hope Secondary Library Asian Hope Secondary Library 03/27/2025 11 J GRAPHIX BRA BK.1 208450 04/07/2026 03/31/2026 03/27/2025 Books/GRAPHICS

For any Logos Library related questions please contact Miss Art at swongnarasuk@asianhope.org.

For any Asian Hope Library related questions please contact Miss Raza at graza@asianhope.org.

Click here to explore our ebooks!

Powered by Koha